Պարույր Սևակի ու մի քիչ էլ իմ մասին : (Record no. 163276)
[ view plain ]
| 000 -LEADER | |
|---|---|
| fixed length control field | 01009nam a2200253 u 4500 |
| 001 - CONTROL NUMBER | |
| control field | 000447755 |
| 003 - CONTROL NUMBER IDENTIFIER | |
| control field | AM-YeHGA |
| 005 - DATE AND TIME OF LATEST TRANSACTION | |
| control field | 20250618072453.0 |
| 008 - FIXED-LENGTH DATA ELEMENTS--GENERAL INFORMATION | |
| fixed length control field | 050614s2004 ai r 000 0 arm d |
| 020 ## - INTERNATIONAL STANDARD BOOK NUMBER | |
| International Standard Book Number | 9994134531 |
| 040 ## - CATALOGING SOURCE | |
| Original cataloging agency | AM-YeHGA |
| 041 0# - LANGUAGE CODE | |
| Language code of text/sound track or separate title | arm |
| 090 ## - LOCALLY ASSIGNED LC-TYPE CALL NUMBER (OCLC); LOCAL CALL NUMBER (RLIN) | |
| -- | 164693 |
| 100 1# - MAIN ENTRY--PERSONAL NAME | |
| Personal name | Չալիկյան, Գրիգոր Սարգսի, |
| Dates associated with a name | 1920-2004 |
| 9 (RLIN) | 1986 |
| 245 10 - TITLE STATEMENT | |
| Title | Պարույր Սևակի ու մի քիչ էլ իմ մասին : |
| Remainder of title | [Հուշեր] / |
| Statement of responsibility, etc. | Գ.Ս. Չալիկյան; Խմբ.՝ Ա.Հ. Պարսամյա. |
| 246 15 - VARYING FORM OF TITLE | |
| Title proper/short title | Անլռելի սիրահարը |
| 260 ## - PUBLICATION, DISTRIBUTION, ETC. | |
| Place of publication, distribution, etc. | Երևան : |
| Name of publisher, distributor, etc. | ՀԳՄ հրատ., |
| Date of publication, distribution, etc. | 2004. |
| 300 ## - PHYSICAL DESCRIPTION | |
| Extent | 168 էջ : |
| Other physical details | լուսանկ. ; |
| Dimensions | 19 սմ. |
| 600 14 - SUBJECT ADDED ENTRY--PERSONAL NAME | |
| Personal name | Սևակ, Պարույր, |
| Dates associated with a name | 1924-1971 |
| 9 (RLIN) | 865 |
| 650 14 - SUBJECT ADDED ENTRY--TOPICAL TERM | |
| Topical term or geographic name entry element | Հայ գրականություն |
| General subdivision | Հուշագրություն |
| 650 14 - SUBJECT ADDED ENTRY--TOPICAL TERM | |
| Topical term or geographic name entry element | Հայ գրականագիտություն |
| 9 (RLIN) | 4862 |
| 653 0# - INDEX TERM--UNCONTROLLED | |
| Uncontrolled term | Հայ գրողներ |
| 700 1# - ADDED ENTRY--PERSONAL NAME | |
| Personal name | Պարսամյան, Անահիտ Հարությունի, |
| Dates associated with a name | 1947- |
| Relator term | խմբ. |
| Relationship | edt |
| Withdrawn status | Lost status | Damaged status | Not for loan | Collection | Home library | Current library | Date acquired | Total checkouts | Full call number | Barcode | Date last seen | Price effective from | Koha item type | Public note |
|---|---|---|---|---|---|---|---|---|---|---|---|---|---|---|
| General | Fundamental Scientific Library | Fundamental Scientific Library | 28/12/2016 | AII/90690 | 220090690 | 28/12/2016 | 28/12/2016 | Գրքեր / Books | 30 Days Loan |
ՀՀ Գիտությունների ազգային ակադեմիայի հիմնարար գիտական գրադարան = Fundamental Scientific Library of NAS RA
All site content, except where otherwise noted, is licensed under a